Derechos humanos de las personas con enfermedad mental en el sistema de salud de Costa Rica
| Yhteisötekijä: | |
|---|---|
| Aineistotyyppi: | Kirja |
| Kieli: | espanja |
| Julkaistu: |
San José, Costa Rica :
CCSS,
sin fecha
|
| Aiheet: |
MARC
| LEADER | 00000nam a2200000Ia 4500 | ||
|---|---|---|---|
| 008 | 170601bsf cr ||||| |||| 00| | spa d | ||
| 999 | |c 1289 |d 1289 | ||
| 090 | |a 04.02.01 |b 933 | ||
| 110 | 2 | |a Caja Costarricense de Seguro Social |9 2707 | |
| 245 | 1 | 0 | |a Derechos humanos de las personas con enfermedad mental en el sistema de salud de Costa Rica |
| 260 | |a San José, Costa Rica : |b CCSS, |c sin fecha | ||
| 300 | |a 67 páginas | ||
| 650 | 1 | 4 | |a DERECHOS HUMANOS |9 588 |
| 650 | 1 | 4 | |a ENFERMEDADES MENTALES |9 1780 |
| 942 | |i 001533 |h 04.02.01 933 |2 z |c 01 | ||
